[Event "Düsseldorfer SK 2 - SVG Plettenberg 1"]
[Site "NRW-Klasse - Gruppe 2 2018/20"]
[Date "2019.05.12"]
[Round "9.3"]
[White "Browning, Alex"]
[Black "Berndt, Axel"]
[Result "1-0"]
[WhiteElo "2253"]
[BlackElo "2102"]
[PlyCount "87"]
[EventDate "2019.??.??"]
[WhiteTeam "SVG Plettenberg 1"]
[BlackTeam "Düsseldorfer SK 2"]

1. e4 Nf6 2. e5 Nd5 3. d4 d6 4. Nf3 g6 5. Be2 Bg7 6. exd6 cxd6 7. O-O O-O 8. c4
Nb6 9. Nc3 Nc6 10. Be3 Bg4 11. b3 d5 12. c5 Nc8 13. b4 a6 14. Rb1 e6 15. a4
N8e7 16. b5 axb5 17. axb5 Na5 18. Bg5 h6 19. Bc1 Bxf3 20. Bxf3 Nf5 21. Be3 Nc4
22. Re1 Ra3 23. Rb3 Qa5 24. Rxa3 Qxa3 25. Qd3 h5 26. Be2 Ra8 27. Bf1 Rd8 28.
Bc1 Qb4 29. Bg5 Ra8 30. Rb1 Qa5 31. Ne2 Qc7 32. Bf4 Qd8 33. b6 Ra3 34. Qd1 Qd7
35. Ra1 Nb2 36. Qc1 Rxa1 37. Qxa1 Nd3 38. Bc7 Kh7 39. Qb1 Nxf2 40. Kxf2 Nxd4
41. Qd1 Nb5 42. Qa4 e5 43. Ng3 h4 44. Qxh4+ 1-0

[Event "Düsseldorfer SK 2 - SVG Plettenberg 1"]
[Site "NRW-Klasse - Gruppe 2 2018/20"]
[Date "2019.05.12"]
[Round "9.4"]
[White "Kesseler, Heiko"]
[Black "Klip, Hans"]
[Result "0-1"]
[WhiteElo "2033"]
[BlackElo "2248"]
[PlyCount "96"]
[EventDate "2019.??.??"]
[WhiteTeam "Düsseldorfer SK 2"]
[BlackTeam "SVG Plettenberg 1"]

1. e4 e5 2. Nf3 Nc6 3. Bb5 Nf6 4. O-O Bc5 5. d3 d6 6. c3 O-O 7. Bg5 h6 8. Bh4
Nb8 9. Nbd2 c6 10. Ba4 Nbd7 11. b4 Bb6 12. Nc4 Bc7 13. Ne3 Re8 14. Bb3 Nf8 15.
Re1 Ng6 16. Bg3 Be6 17. Bxe6 Rxe6 18. Nf5 Qd7 19. N3h4 a5 20. a3 d5 21. Qe2 Kh7
22. Red1 Nf4 23. Qc2 N4h5 24. c4 Nxg3 25. Nxg3 Ree8 26. Rac1 Rac8 27. h3 axb4
28. axb4 g6 29. Qe2 Bd6 30. Qf3 Qe6 31. c5 Be7 32. Qe2 Nxe4 33. Nf3 Nxg3 34.
fxg3 Bf6 35. Re1 Bg7 36. Qc2 f5 37. Nd4 Qf6 38. Ne2 Qg5 39. Kh2 h5 40. h4 Qg4
41. Ng1 Bh6 42. Ra1 f4 43. Nf3 e4 44. dxe4 dxe4 45. Ra7 exf3 46. Rxb7+ Bg7 47.
Rxe8 Qxg3+ 48. Kg1 Rxe8 0-1

[Event "Düsseldorfer SK 2 - SVG Plettenberg 1"]
[Site "NRW-Klasse - Gruppe 2 2018/20"]
[Date "2019.05.12"]
[Round "9.5"]
[White "Litwak, Aleksej"]
[Black "Luncescu, Christian"]
[Result "1-0"]
[WhiteElo "2268"]
[BlackElo "2127"]
[PlyCount "51"]
[EventDate "2019.??.??"]
[WhiteTeam "SVG Plettenberg 1"]
[BlackTeam "Düsseldorfer SK 2"]

1. e4 d5 2. exd5 Qxd5 3. Nc3 Qd6 4. d4 Nf6 5. Nf3 c6 6. Ne5 Nbd7 7. Nc4 Qc7 8.
Qf3 Nb6 9. Bf4 Qd7 10. Nxb6 axb6 11. O-O-O Qg4 12. Qe3 Be6 13. d5 Nxd5 14. Nxd5
cxd5 15. h3 Qg6 16. Bb5+ Bd7 17. Bxd7+ Kxd7 18. Rxd5+ Ke8 19. Rhd1 e6 20. Rg5
Bc5 21. Qd2 Qf6 22. Be5 Qe7 23. Bxg7 Rg8 24. Bf6 Rxg5 25. Qxg5 Qf8 26. Qd2 1-0

[Event "Düsseldorfer SK 2 - SVG Plettenberg 1"]
[Site "NRW-Klasse - Gruppe 2 2018/20"]
[Date "2019.05.12"]
[Round "9.6"]
[White "Rudolph, Eva"]
[Black "Schulze, Marc"]
[Result "0-1"]
[WhiteElo "1836"]
[BlackElo "2210"]
[PlyCount "76"]
[EventDate "2019.??.??"]
[WhiteTeam "Düsseldorfer SK 2"]
[BlackTeam "SVG Plettenberg 1"]

1. e4 c5 2. Nf3 g6 3. d4 cxd4 4. Nxd4 Bg7 5. c4 Nc6 6. Nc2 Nf6 7. Nc3 O-O 8.
Be2 d6 9. Be3 b6 10. O-O e6 11. Qd2 Qe7 12. Rfd1 Rd8 13. Bf4 Ne8 14. Rab1 Bb7
15. f3 Rac8 16. b3 Ne5 17. Rbc1 Nc7 18. Ne3 h6 19. Bg3 h5 20. f4 Nc6 21. Nc2 h4
22. Bf2 h3 23. g3 d5 24. exd5 exd5 25. Nxd5 Nxd5 26. cxd5 Qe4 27. Bf1 Ne5 28.
Qe3 Nf3+ 29. Kh1 Bxd5 30. Qxe4 Bxe4 31. Ne3 Nd2+ 32. Kg1 Rxc1 33. Rxc1 Nf3+ 34.
Kh1 Rd2 35. Nd1 Bd4 36. Bxh3 Bxf2 37. Nxf2 Rxf2 38. Bg2 Rxa2 0-1

[Event "Düsseldorfer SK 2 - SVG Plettenberg 1"]
[Site "NRW-Klasse - Gruppe 2 2018/20"]
[Date "2019.05.12"]
[Round "9.7"]
[White "Pieper, Dawid"]
[Black "Reinartz, Achim"]
[Result "1-0"]
[WhiteElo "2169"]
[BlackElo "1983"]
[PlyCount "113"]
[EventDate "2019.??.??"]
[WhiteTeam "SVG Plettenberg 1"]
[BlackTeam "Düsseldorfer SK 2"]

1. e4 c5 2. Nf3 Nc6 3. Bb5 g6 4. O-O Bg7 5. Qe2 Nd4 6. Nxd4 cxd4 7. d3 Nh6 8.
f4 O-O 9. Bc4 Kh8 10. f5 d6 11. g4 Ng8 12. Bg5 Nf6 13. Nd2 a6 14. Qg2 Qc7 15.
Qh3 b5 16. Bxf7 Rxf7 17. fxg6 Bxg4 18. Qh4 Be6 19. gxf7 Bxf7 20. Rac1 Rg8 21.
Kh1 Bg6 22. Rf2 Re8 23. Bh6 Kg8 24. Bxg7 Kxg7 25. Nf3 Qc5 26. Qg5 Qxg5 27. Nxg5
e5 28. h3 d5 29. exd5 Nxd5 30. Ne4 Rc8 31. Nd6 Rd8 32. Nf5+ Kg8 33. c4 Nb4 34.
Rd1 bxc4 35. dxc4 Bxf5 36. Rxf5 Re8 37. Kg2 Nc2 38. Kf2 e4 39. Ke2 d3+ 40. Kd2
Nd4 41. Rg1+ Kh8 42. Rf7 a5 43. Rgf1 Kg8 44. Rd7 Nc6 45. Rg1+ Kh8 46. Re1 Nb4
47. Rd4 Rg8 48. Rexe4 Rg2+ 49. Kc3 Nxa2+ 50. Kb3 Nc1+ 51. Ka3 h5 52. Rd7 Rg8
53. Ree7 Rb8 54. Rh7+ Kg8 55. Rdg7+ Kf8 56. Rh8+ Kxg7 57. Rxb8 1-0

[Event "Düsseldorfer SK 2 - SVG Plettenberg 1"]
[Site "NRW-Klasse - Gruppe 2 2018/20"]
[Date "2019.05.12"]
[Round "9.8"]
[White "Piekorz, Roland"]
[Black "Klippert, Jan Oliver"]
[Result "1-0"]
[WhiteElo "1946"]
[BlackElo "1789"]
[PlyCount "119"]
[EventDate "2019.??.??"]
[WhiteTeam "Düsseldorfer SK 2"]
[BlackTeam "SVG Plettenberg 1"]

1. c4 e6 2. Nc3 d5 3. g3 Nf6 4. Bg2 Be7 5. Nf3 O-O 6. d4 c6 7. O-O Nbd7 8. cxd5
exd5 9. Bg5 h6 10. Bf4 Nh5 11. Bd2 Nhf6 12. Rb1 Nb6 13. Ne5 Bf5 14. Rc1 Nbd7
15. Nxd7 Qxd7 16. Bf4 Rad8 17. f3 Ne8 18. Qd2 Bd6 19. Bxd6 Nxd6 20. b3 Rfe8 21.
Rfe1 Bg6 22. Rcd1 f5 23. e3 Re7 24. Ne2 Qe8 25. Nf4 Bh7 26. Nd3 Nf7 27. f4 Nd6
28. Ne5 Nf7 29. Rc1 Nd6 30. Rc5 Ne4 31. Bxe4 dxe4 32. Qc3 Kh8 33. Rc1 Bg8 34.
a4 Bd5 35. Qb2 Qh5 36. b4 a6 37. b5 axb5 38. axb5 Ra8 39. Ra1 Ree8 40. Rcc1
Reb8 41. b6 Rxa1 42. Rxa1 Kh7 43. Ra7 Qd1+ 44. Kg2 Bc4 45. Nxc4 Qf3+ 46. Kg1
Qd1+ 47. Kf2 Qf3+ 48. Ke1 Qh1+ 49. Kd2 Qxh2+ 50. Kc3 Qxg3 51. Ra2 c5 52. dxc5
Rd8 53. Qf2 Rd3+ 54. Kb4 Qh3 55. Rd2 Qh1 56. Rxd3 exd3 57. Qd2 Qb1+ 58. Kc3 Qb5
59. Qxd3 Qxc5 60. Qd7 1-0

[Event "Südlohner SV 1 - SK Sodingen/Castrop 1"]
[Site "NRW-Klasse - Gruppe 2 2018/20"]
[Date "2019.05.12"]
[Round "9.1"]
[White "Tomaszewski, Roman"]
[Black "van Lith, Arjan"]
[Result "1-0"]
[WhiteElo "2189"]
[BlackElo "2170"]
[PlyCount "63"]
[EventDate "2019.??.??"]
[WhiteTeam "SK Sodingen/Castrop 1"]
[BlackTeam "Südlohner SV 1"]

1. d4 Nf6 2. c4 e6 3. Nc3 Bb4 4. Qc2 c5 5. dxc5 Na6 6. a3 Bxc3+ 7. Qxc3 Nxc5 8.
b4 Nce4 9. Qd4 d5 10. cxd5 exd5 11. Bb2 Be6 12. e3 O-O 13. Bd3 a5 14. Ne2 axb4
15. axb4 Rxa1+ 16. Bxa1 Qe7 17. O-O Ra8 18. Rb1 Kf8 19. Qb2 Nd6 20. Qc1 Nfe4
21. Bd4 Nf5 22. Qb2 Qh4 23. Ng3 Nexg3 24. hxg3 Qg5 25. Bc5+ Kg8 26. Qe5 h6 27.
Ra1 Rxa1+ 28. Qxa1 Qd8 29. Qe5 Ne7 30. Bxe7 Qxe7 31. Qb8+ Qf8 32. Bh7+ 1-0

[Event "Südlohner SV 1 - SK Sodingen/Castrop 1"]
[Site "NRW-Klasse - Gruppe 2 2018/20"]
[Date "2019.05.12"]
[Round "9.2"]
[White "Kolakovic, Klaudio"]
[Black "Waldschmidt, Georg"]
[Result "1/2-1/2"]
[WhiteElo "2086"]
[BlackElo "2151"]
[PlyCount "77"]
[EventDate "2019.??.??"]
[WhiteTeam "Südlohner SV 1"]
[BlackTeam "SK Sodingen/Castrop 1"]

1. e4 c5 2. Nf3 Nc6 3. Nc3 g6 4. d3 Bg7 5. Be3 d6 6. h3 e5 7. Nd5 Nge7 8. Nxe7
Qxe7 9. Be2 O-O 10. g4 Be6 11. c4 Nd4 12. Rg1 b5 13. Bxd4 exd4 14. cxb5 d5 15.
exd5 Bxd5 16. Kf1 Rfe8 17. Qd2 Qb7 18. Ne1 Qxb5 19. b3 a5 20. Rb1 Qb4 21. Qc1
Bf8 22. a3 Qb8 23. Rg3 Bd6 24. Bf3 Bxg3 25. Bxd5 Qe5 26. Be4 Bf4 27. Qc4 Ra7
28. Nf3 Qd6 29. Kg2 Rb8 30. Re1 Re7 31. Re2 Rbe8 32. Rc2 Rc7 33. Re2 Kg7 34. g5
Qd8 35. Rc2 Qe7 36. Qb5 Bxg5 37. Qxa5 f5 38. Bd5 Bf6 39. Re2 1/2-1/2

[Event "Südlohner SV 1 - SK Sodingen/Castrop 1"]
[Site "NRW-Klasse - Gruppe 2 2018/20"]
[Date "2019.05.12"]
[Round "9.3"]
[White "Boehnke, Martin"]
[Black "Voelker, Christian"]
[Result "1/2-1/2"]
[WhiteElo "2164"]
[BlackElo "2078"]
[PlyCount "76"]
[EventDate "2019.??.??"]
[WhiteTeam "SK Sodingen/Castrop 1"]
[BlackTeam "Südlohner SV 1"]

1. d4 Nf6 2. c4 g6 3. Nf3 Bg7 4. g3 O-O 5. Bg2 d6 6. O-O Nc6 7. Nc3 Rb8 8. Re1
a6 9. Rb1 Nd7 10. b4 e5 11. Bg5 f6 12. Be3 Ne7 13. dxe5 Nxe5 14. c5 Nf5 15.
Qb3+ Kh8 16. Bf4 g5 17. Bc1 Nxf3+ 18. exf3 Nd4 19. Qc4 dxc5 20. bxc5 Nc6 21. f4
Bf5 22. Ne4 gxf4 23. Bxf4 Ne5 24. Qb3 Qe8 25. Rbd1 Qg6 26. Qc3 Rfe8 27. f3 Qf7
28. Rd2 Re7 29. Rde2 Rbe8 30. h4 Qd5 31. g4 Nxg4 32. fxg4 Bxe4 33. Qb4 f5 34.
gxf5 Bd4+ 35. Be3 Bf6 36. Bg5 Bd4+ 37. Be3 Bf6 38. Bg5 Bd4+ 1/2-1/2

[Event "Südlohner SV 1 - SK Sodingen/Castrop 1"]
[Site "NRW-Klasse - Gruppe 2 2018/20"]
[Date "2019.05.12"]
[Round "9.5"]
[White "Werrn, Pascal"]
[Black "Darwisch, Khaled"]
[Result "1-0"]
[WhiteElo "2083"]
[BlackElo "2067"]
[PlyCount "65"]
[EventDate "2019.??.??"]
[WhiteTeam "SK Sodingen/Castrop 1"]
[BlackTeam "Südlohner SV 1"]

1. d4 d6 2. Nf3 g6 3. e4 Bg7 4. Bc4 h6 5. Nc3 c6 6. O-O b5 7. Bb3 Nf6 8. e5 Nh7
9. exd6 Qxd6 10. Ne4 Qc7 11. Ne5 e6 12. Bf4 Qd8 13. Qf3 O-O 14. Rfd1 g5 15. Bg3
f5 16. Nc5 Qe8 17. h4 f4 18. Bh2 a5 19. Qh3 Ra7 20. Bxe6+ Bxe6 21. Nxe6 Rf6 22.
Nc5 Re7 23. g3 Rf8 24. gxf4 gxf4 25. Ncd3 c5 26. Nxf4 Bxe5 27. dxe5 Rg7+ 28.
Kh1 Qc6+ 29. f3 Kh8 30. Rd6 Qb7 31. Ng6+ Rxg6 32. Rxg6 Rxf3 33. Qg2 1-0

[Event "Südlohner SV 1 - SK Sodingen/Castrop 1"]
[Site "NRW-Klasse - Gruppe 2 2018/20"]
[Date "2019.05.12"]
[Round "9.6"]
[White "Teloeken, Andreas"]
[Black "Mueller, Frank"]
[Result "0-1"]
[WhiteElo "2025"]
[BlackElo "2051"]
[PlyCount "62"]
[EventDate "2019.??.??"]
[WhiteTeam "Südlohner SV 1"]
[BlackTeam "SK Sodingen/Castrop 1"]

1. Nf3 Nf6 2. c4 g6 3. g3 Bg7 4. Bg2 O-O 5. O-O d5 6. cxd5 Nxd5 7. Nc3 Nb6 8.
d3 Nc6 9. Be3 e5 10. Rc1 Nd4 11. Qd2 Re8 12. Ng5 Nf5 13. Bc5 Bh6 14. f4 Nd7 15.
Bf2 Nf6 16. h3 exf4 17. gxf4 c6 18. e4 Nd4 19. Bh4 Nh5 20. Nxf7 Qxh4 21. Nxh6+
Kg7 22. f5 Nf6 23. Ng4 gxf5 24. Nxf6 Qxf6 25. Rf4 Kh8 26. Qf2 c5 27. exf5 Bxf5
28. Ne4 Qh6 29. Ng3 Ne6 30. Rcc4 Nxf4 31. Nxf5 Nxh3+ 0-1

[Event "Südlohner SV 1 - SK Sodingen/Castrop 1"]
[Site "NRW-Klasse - Gruppe 2 2018/20"]
[Date "2019.05.12"]
[Round "9.7"]
[White "Rohovoy, Dmitrij"]
[Black "Hater, Wolfgang"]
[Result "1/2-1/2"]
[WhiteElo "1970"]
[BlackElo "2011"]
[PlyCount "109"]
[EventDate "2019.??.??"]
[WhiteTeam "SK Sodingen/Castrop 1"]
[BlackTeam "Südlohner SV 1"]

1. d4 d6 2. c4 Nf6 3. Nc3 Nbd7 4. Bg5 e5 5. e3 Be7 6. Nf3 O-O 7. Be2 Ng4 8.
Bxe7 Qxe7 9. h3 Ngf6 10. O-O c6 11. Qb3 Re8 12. Rfe1 Nf8 13. Rac1 e4 14. Nd2 h5
15. d5 c5 16. Qd1 h4 17. a3 g5 18. f3 exf3 19. Bxf3 Ng6 20. Qe2 Ne5 21. Nce4
Nh7 22. Nf2 f5 23. e4 g4 24. hxg4 f4 25. Nh3 Rf8 26. Rc3 a6 27. Nb3 Bd7 28. Nc1
b5 29. b3 Ng5 30. Nxg5 Qxg5 31. Nd3 Rae8 32. Nxe5 Rxe5 33. b4 cxb4 34. axb4
bxc4 35. Qxc4 Bxg4 36. Bxg4 Qxg4 37. Qe2 Qg6 38. Qf3 Rg5 39. Qh3 Rg3 40. Rxg3
hxg3 41. e5 dxe5 42. Qe6+ Qxe6 43. dxe6 Rc8 44. Kf1 Kg7 45. Rxe5 Kf6 46. Ra5
Kxe6 47. Rxa6+ Ke5 48. Ke2 Rc2+ 49. Kf3 Rf2+ 50. Kg4 Rxg2 51. Ra5+ Ke4 52. b5
Rb2 53. Ra4+ Ke5 54. Ra1 Rxb5 55. Re1+ 1/2-1/2

[Event "Südlohner SV 1 - SK Sodingen/Castrop 1"]
[Site "NRW-Klasse - Gruppe 2 2018/20"]
[Date "2019.05.12"]
[Round "9.8"]
[White "Funke, Reinhard"]
[Black "Becker, Joerg"]
[Result "0-1"]
[WhiteElo "2024"]
[BlackElo "2118"]
[PlyCount "72"]
[EventDate "2019.??.??"]
[WhiteTeam "Südlohner SV 1"]
[BlackTeam "SK Sodingen/Castrop 1"]

1. d4 Nf6 2. Nf3 d5 3. g3 c6 4. Bg2 Bf5 5. O-O h6 6. c4 e6 7. Nc3 Nbd7 8. b3
Bb4 9. Bb2 Ne4 10. Qc1 O-O 11. Nh4 Nxc3 12. Bxc3 Bxc3 13. Qxc3 Bh7 14. Rfe1 g5
15. Nf3 Be4 16. Nd2 Bxg2 17. Kxg2 f5 18. Kh1 Qf6 19. f4 g4 20. Rac1 h5 21. Kg2
Kg7 22. a4 Rh8 23. Rh1 h4 24. Qe3 Rad8 25. c5 Rh6 26. b4 Rdh8 27. b5 hxg3 28.
hxg3 Kf7 29. Rxh6 Qxh6 30. Nf1 Nf6 31. Kf2 Ne4+ 32. Ke1 Qh1 33. bxc6 bxc6 34.
Qb3 Qg2 35. Qb7+ Kf6 36. Qc7 Qf2+ 0-1

[Event "SF Essen-Katernberg  1 - Kölner SK Dr."]
[Site "NRW-Klasse - Gruppe 2 2018/20"]
[Date "2019.05.12"]
[Round "9.1"]
[White "Paris, Michael"]
[Black "Siebrecht, Sebastian"]
[Result "1-0"]
[WhiteElo "2179"]
[BlackElo "2402"]
[Annotator "Daniel"]
[PlyCount "131"]
[EventDate "2019.??.??"]
[WhiteTeam "Kölner SK Dr. Lasker 1"]
[BlackTeam "SF Essen-Katernberg  1"]

1. d4 Nf6 2. Nf3 e6 3. Bg5 h6 4. Bh4 c5 5. e3 Qb6 6. Qc1 Nc6 7. c3 d5 8. Bd3
Bd7 9. O-O Rc8 10. Nbd2 Be7 11. Bc2 g5 12. Bg3 Nh5 13. Be5 Nf6 14. dxc5 Qxc5
15. Nb3 Qb6 16. Nbd4 Na5 17. Nd2 Nc6 18. Nxc6 Bxc6 19. e4 Rg8 20. exd5 Bxd5 21.
c4 Bc6 22. Bc3 Qc7 23. Qd1 h5 24. Nf3 Ng4 25. Ba4 Rd8 26. Bxc6+ $11 Qxc6 27.
Qe2 Rc8 28. h3 Nf6 29. Ne5 Qe4 30. Qd1 g4 31. Re1 Qf5 32. Qa4+ Kf8 33. hxg4
hxg4 34. Bb4 g3 35. Bxe7+ Kxe7 36. fxg3 Rgd8 37. Qxa7 Rc7 38. Qa5 Rdc8 39. Nc6+
Kf8 40. Qxf5 exf5 41. Ne5 Re8 42. Rad1 Rc5 43. Rd6 Re6 44. Rxe6 fxe6 45. b4 Rc7
46. Rd1 Ke7 47. Rd4 Ne4 48. g4 Nc3 49. Kf2 Nxa2 50. c5 Nc3 51. gxf5 exf5 52.
Kf3 Ne4 53. Kf4 b6 54. cxb6 Rb7 55. Nc4 Kf6 56. g4 Ng5 57. gxf5 Nh3+ 58. Ke4
Ng5+ 59. Kd5 Nf7 60. Kc5 Kxf5 61. Nd6+ Nxd6 62. Rxd6 Ke5 63. Rd8 Rh7 64. Kc6
Rh6+ 65. Kc7 Rh7+ 66. Rd7 1-0

[Event "SF Essen-Katernberg  1 - Kölner SK Dr."]
[Site "NRW-Klasse - Gruppe 2 2018/20"]
[Date "2019.05.12"]
[Round "9.2"]
[White "Tomic, Bosko"]
[Black "Nagel, Bernhard"]
[Result "1-0"]
[WhiteElo "2369"]
[BlackElo "2160"]
[PlyCount "119"]
[EventDate "2019.??.??"]
[WhiteTeam "SF Essen-Katernberg  1"]
[BlackTeam "Kölner SK Dr. Lasker 1"]

1. c4 e6 2. Nf3 Nf6 3. g3 b6 4. Bg2 Bb7 5. O-O g6 6. d3 Bg7 7. e4 d6 8. Nc3 O-O
9. Be3 Ng4 10. Bg5 f6 11. Bd2 Ne5 12. Nd4 Qe7 13. Qe2 c5 14. Nc2 Nbc6 15. f4
Nf7 16. f5 exf5 17. Nd5 Qd7 18. exf5 Rae8 19. Qd1 Nfe5 20. Bc3 Ne7 21. Nxe7+
Rxe7 22. Bxb7 Qxb7 23. Ne3 Qd7 24. d4 cxd4 25. Qxd4 Qc6 26. Qd5+ Qxd5 27. Nxd5
Rb7 28. b3 b5 29. cxb5 Rxb5 30. Rad1 Ng4 31. Rf4 gxf5 32. Rxf5 Kf7 33. Rf4 Ne5
34. Nc7 Rc5 35. Bxe5 Rxc7 36. Bxd6 Rd7 37. Rfd4 f5 38. R4d2 Rc8 39. Bf4 Re7 40.
Kf1 Rc6 41. Rd5 Kg6 42. Rd6+ Rxd6 43. Rxd6+ Kf7 44. Rc6 Bd4 45. b4 Rb7 46. Rc4
Bb6 47. a4 Rd7 48. a5 Bd8 49. Be3 Be7 50. a6 Ke6 51. b5 Rd5 52. b6 axb6 53.
Bxb6 Rd1+ 54. Ke2 Ra1 55. a7 Bd8 56. Bd4 Ra2+ 57. Kf3 Kd7 58. Rc1 Ra3+ 59. Kg2
Ra6 60. Ra1 1-0

[Event "SF Essen-Katernberg  1 - Kölner SK Dr."]
[Site "NRW-Klasse - Gruppe 2 2018/20"]
[Date "2019.05.12"]
[Round "9.3"]
[White "Kloss, Henning"]
[Black "Rosen, Bernd"]
[Result "1/2-1/2"]
[WhiteElo "2162"]
[BlackElo "2308"]
[PlyCount "62"]
[EventDate "2019.??.??"]
[WhiteTeam "Kölner SK Dr. Lasker 1"]
[BlackTeam "SF Essen-Katernberg  1"]

1. d4 c5 2. d5 d6 3. e4 Nf6 4. Nc3 g6 5. Bb5+ Bd7 6. a4 Bg7 7. Nf3 O-O 8. h3
Na6 9. O-O Nc7 10. Be2 a6 11. Bf4 b5 12. e5 dxe5 13. Bxe5 b4 14. Bxf6 Bxf6 15.
Ne4 Bxb2 16. Rb1 Bg7 17. Nxc5 Be8 18. Bc4 a5 19. Qd3 Qd6 20. Ne4 Qb6 21. Bb3
Rd8 22. c4 Na6 23. Qc2 Nc5 24. Nxc5 Qxc5 25. Rbd1 Bd7 26. Ng5 Bf5 27. Ne4 Qc7
28. Qe2 Rfe8 29. Ng3 Bc8 30. Qf3 Bh6 31. Ne4 Qf4 1/2-1/2

[Event "SF Essen-Katernberg  1 - Kölner SK Dr."]
[Site "NRW-Klasse - Gruppe 2 2018/20"]
[Date "2019.05.12"]
[Round "9.4"]
[White "Wessendorf, Thomas"]
[Black "Lindam, Ingo"]
[Result "1-0"]
[WhiteElo "2197"]
[BlackElo "2137"]
[Annotator "Daniel"]
[PlyCount "51"]
[EventDate "2019.??.??"]
[WhiteTeam "SF Essen-Katernberg  1"]
[BlackTeam "Kölner SK Dr. Lasker 1"]

1. e4 c5 2. Nf3 e6 3. d4 cxd4 4. Nxd4 Nc6 5. Nc3 Qc7 6. g3 a6 7. Bg2 h5 8. h3
h4 9. g4 Nf6 10. Be3 b5 11. e5 b4 12. Ncb5 axb5 13. exf6 Bb7 $11 14. Nxb5 Qe5
15. fxg7 Bxg7 16. Nd6+ Ke7 17. Nxb7 Bh6 18. Qe2 Bxe3 19. Qxe3 Qxb2 20. Qc5+ Kf6
21. O-O Nd4 22. Nd6 Ne2+ 23. Kh1 Ra3 24. Rae1 Nf4 25. Ne4+ Kg7 26. Rb1 1-0

[Event "SF Essen-Katernberg  1 - Kölner SK Dr."]
[Site "NRW-Klasse - Gruppe 2 2018/20"]
[Date "2019.05.12"]
[Round "9.5"]
[White "Diesner, Michael"]
[Black "Kueppers, Timo"]
[Result "0-1"]
[WhiteElo "2069"]
[BlackElo "2298"]
[PlyCount "84"]
[EventDate "2019.??.??"]
[WhiteTeam "Kölner SK Dr. Lasker 1"]
[BlackTeam "SF Essen-Katernberg  1"]

1. Nf3 c5 2. g3 Nc6 3. Bg2 g6 4. O-O Bg7 5. e4 e5 6. d3 Nge7 7. c3 O-O 8. Be3
d6 9. a3 h6 10. b4 b6 11. b5 Na5 12. c4 f5 13. exf5 e4 14. Nbd2 exf3 15. Bxf3
Bb7 16. Bxb7 Nxb7 17. fxg6 Nf5 18. Qh5 Nxe3 19. fxe3 Bxa1 20. Qd5+ Kh8 21. Qxb7
Rxf1+ 22. Nxf1 Bg7 23. g4 Rb8 24. Qxa7 Qc8 25. Ng3 Qb7 26. Qxb7 Rxb7 27. Nf5
Ra7 28. h4 Rxa3 29. g5 hxg5 30. h5 Rxd3 31. h6 Bxh6 32. Nxh6 Kg7 33. Nf5+ Kxg6
34. Ne7+ Kf7 35. Nc8 Rxe3 36. Nxb6 Rc3 37. Kf2 Ke6 38. Ke2 g4 39. Kf2 Ke5 40.
Kg2 Kd4 41. Kf2 Rb3 42. Kg2 d5 0-1

[Event "SF Essen-Katernberg  1 - Kölner SK Dr."]
[Site "NRW-Klasse - Gruppe 2 2018/20"]
[Date "2019.05.12"]
[Round "9.6"]
[White "Kaeding, Rainer"]
[Black "di Franco, Patrizio"]
[Result "1/2-1/2"]
[WhiteElo "2093"]
[BlackElo "2084"]
[PlyCount "46"]
[EventDate "2019.??.??"]
[WhiteTeam "SF Essen-Katernberg  1"]
[BlackTeam "Kölner SK Dr. Lasker 1"]

1. c4 g6 2. g3 Bg7 3. Bg2 Nf6 4. Nc3 O-O 5. e4 c5 6. Nge2 Nc6 7. d3 d6 8. O-O
a6 9. h3 Rb8 10. f4 Bd7 11. Be3 b5 12. Qd2 Ne8 13. Rab1 Nc7 14. f5 Ne5 15. b3
a5 16. g4 a4 17. cxb5 axb3 18. a4 Re8 19. Bf2 Qc8 20. Rxb3 Na6 21. Rbb1 Nb4 22.
Nc1 h5 23. gxh5 gxf5 1/2-1/2

[Event "SF Essen-Katernberg  1 - Kölner SK Dr."]
[Site "NRW-Klasse - Gruppe 2 2018/20"]
[Date "2019.05.12"]
[Round "9.7"]
[White "Jansen-Karanatsios, Michael"]
[Black "Neuer, Thomas"]
[Result "1/2-1/2"]
[WhiteElo "1759"]
[BlackElo "2099"]
[PlyCount "45"]
[EventDate "2019.??.??"]
[WhiteTeam "Kölner SK Dr. Lasker 1"]
[BlackTeam "SF Essen-Katernberg  1"]

1. e4 e6 2. d3 d5 3. Nd2 Nf6 4. Ngf3 c5 5. g3 g6 6. Bg2 Bg7 7. O-O O-O 8. Re1
Nc6 9. a4 b6 10. h4 Bb7 11. c3 Qd7 12. Ng5 h6 13. exd5 Nxd5 14. Ngf3 Rad8 15.
Nc4 Rfe8 16. Nfe5 Nxe5 17. Nxe5 Qc7 18. f4 Ne7 19. Qe2 Nf5 20. Kh2 Bxg2 21.
Kxg2 Qb7+ 22. Qe4 Qc7 23. Be3 1/2-1/2

[Event "SF Essen-Katernberg  1 - Kölner SK Dr."]
[Site "NRW-Klasse - Gruppe 2 2018/20"]
[Date "2019.05.12"]
[Round "9.8"]
[White "Dahm, Bernd"]
[Black "Vetter, Gerhard"]
[Result "1-0"]
[WhiteElo "2089"]
[BlackElo "1373"]
[PlyCount "61"]
[EventDate "2019.??.??"]
[WhiteTeam "SF Essen-Katernberg  1"]
[BlackTeam "Kölner SK Dr. Lasker 1"]

1. d4 Nf6 2. c4 g6 3. Nc3 d5 4. e3 Bg7 5. Qb3 dxc4 6. Bxc4 O-O 7. Nf3 Nc6 8.
Ng5 e6 9. Be2 Nd5 10. Nf3 Na5 11. Qc2 a6 12. Bd2 Nc6 13. O-O Qe7 14. Rac1 Rd8
15. Rfd1 Qd6 16. Be1 Nce7 17. Ne4 Qc6 18. Qb3 Qb6 19. Qa3 Nc6 20. Nc5 Bf8 21.
b3 Qa7 22. Qb2 b6 23. Nxe6 Bxe6 24. Rxc6 Nf6 25. Rdc1 Rac8 26. Bc4 Re8 27. Bxe6
Rxe6 28. Rxe6 fxe6 29. Ng5 Re8 30. Qc3 Bd6 31. Qc4 1-0

[Event "Bielefelder SK 1 - SK Königsspringer I"]
[Site "NRW-Klasse - Gruppe 2 2018/20"]
[Date "2019.05.12"]
[Round "9.1"]
[White "Scheider, Julian"]
[Black "Forchert, Martin"]
[Result "1/2-1/2"]
[WhiteElo "2291"]
[BlackElo "2284"]
[PlyCount "91"]
[EventDate "2019.??.??"]
[WhiteTeam "SK Königsspringer Iserlohn 1"]
[BlackTeam "Bielefelder SK 1"]

1. e4 Nf6 2. e5 Nd5 3. d4 d6 4. c4 Nb6 5. exd6 exd6 6. Nc3 Be7 7. Bd3 O-O 8.
Nge2 Na6 9. O-O c6 10. b3 Nb4 11. Bb1 d5 12. c5 Nd7 13. a3 Na6 14. Bc2 Re8 15.
Re1 Nc7 16. b4 Nf8 17. a4 b6 18. Be3 Bf6 19. Qd2 Nfe6 20. Red1 Qe7 21. Rab1 Bd7
22. Nf4 g6 23. cxb6 axb6 24. b5 Rab8 25. a5 bxa5 26. b6 Na6 27. Nxe6 Bxe6 28.
Bf4 Rb7 29. Re1 Nb4 30. Na4 Qd8 31. Bc7 Rxc7 32. bxc7 Qxc7 33. Nc5 Nxc2 34.
Qxc2 Bxd4 35. Rbc1 Qd6 36. Nxe6 Rxe6 37. Rxe6 Qxe6 38. Qxc6 Qf5 39. Qc8+ Qxc8
40. Rxc8+ Kg7 41. Rd8 Bb2 42. Rb8 Bc3 43. Kf1 h5 44. Ke2 Be5 45. Rb5 Bxh2 46.
Rxa5 1/2-1/2

[Event "Bielefelder SK 1 - SK Königsspringer I"]
[Site "NRW-Klasse - Gruppe 2 2018/20"]
[Date "2019.05.12"]
[Round "9.2"]
[White "Gruen, Gerd-Peter"]
[Black "Eckardt, Joshua"]
[Result "1/2-1/2"]
[WhiteElo "2232"]
[BlackElo "2239"]
[Annotator "Daniel"]
[PlyCount "63"]
[EventDate "2019.??.??"]
[WhiteTeam "Bielefelder SK 1"]
[BlackTeam "SK Königsspringer Iserlohn 1"]

1. d4 Nf6 2. Nf3 g6 3. g3 Bg7 4. Bg2 O-O 5. O-O d5 6. c4 c6 7. cxd5 cxd5 8. Nc3
Ne4 9. Nxe4 dxe4 10. Ne5 Nd7 11. Nxd7 Qxd7 12. Bxe4 Qxd4 13. Qxd4 Bxd4 $11 14.
Bh6 Rd8 15. Rab1 Be6 16. b3 Bd5 17. Bxd5 Rxd5 18. Rfd1 Rad8 19. Kg2 f6 20. h4
Kf7 21. Rbc1 Bb6 22. Rxd5 Rxd5 23. e4 Rc5 24. Rxc5 Bxc5 25. Bd2 h5 26. Kf3 a6
27. Be3 Bb4 28. Ke2 Ke6 29. Kd3 b5 30. a4 Kd6 31. axb5 axb5 32. Bf4+ 1/2-1/2

[Event "Bielefelder SK 1 - SK Königsspringer I"]
[Site "NRW-Klasse - Gruppe 2 2018/20"]
[Date "2019.05.12"]
[Round "9.3"]
[White "Schmitz, Philipp"]
[Black "Simon, Hans Christian"]
[Result "1/2-1/2"]
[WhiteElo "2185"]
[BlackElo "2167"]
[PlyCount "41"]
[EventDate "2019.??.??"]
[WhiteTeam "SK Königsspringer Iserlohn 1"]
[BlackTeam "Bielefelder SK 1"]

1. e4 e5 2. Nf3 Nf6 3. Nxe5 d6 4. Nf3 Nxe4 5. Nc3 Nxc3 6. dxc3 Be7 7. Bf4 Nc6
8. Qd2 Be6 9. O-O-O Qd7 10. Kb1 a6 11. Bd3 O-O-O 12. Be4 Bf6 13. Bg5 Bxg5 14.
Qxg5 f6 15. Bxc6 bxc6 16. Qa5 Kb7 17. Nd4 Rhe8 18. Qb4+ Ka7 19. Qa4 Kb7 20.
Qb4+ Ka7 21. Qa4 1/2-1/2